=LDR 00000nam 2200000 4500 =001 INLIS000000000047920 =005 20160304145123.0 =006 =007 =008 =020 ##$$a 978-3-426-87294-9 =035 ##$$0010-031600000000033 =040 ##$$a NBPDMAT =082 ##$$a 833 =090 ##$$a 833 $bCho d =100 ##$$a Chopra, Deepak =245 ##$$a Das tor zu vollkommenem gluck : Ihr zugang zum energiefeld der unendlichen moglichkeien / Deepak Chopra =260 ##$$a munchen $b Ausgabe Knaur $c 2004 =300 ##$$a 319 hlm. ; 19 cm =500 ##$$a Indeks hlm : 311 -319 =650 ##$$a Fiksi Jerman =850 ##$$a NBPDMAT =990 ##$$a 31500711 =990 ##$$a 31500711/BPAP-NTB/2016